Corporate Controller's Manual

Gespeichert in:
Bibliographische Detailangaben
Weitere Verfasser: Wendell, Paul J.
Format: Buch
Sprache:Englisch
Veröffentlicht: Boston Warren, Gorham and Lamont 1989
Ausgabe:2. ed.
Tags: Tag hinzufügen
Keine Tags, Fügen Sie das erste Tag hinzu!

MARC

LEADER 00000nam a2200000 4500
001 c022412
005 20221215113511.4
041 0 |a eng 
044 |a US 
245 1 0 |a Corporate Controller's Manual  |c Edit. Paul J. Wendell 
250 |a 2. ed. 
264 1 |a Boston  |b Warren, Gorham and Lamont  |c 1989 
300 |a Prer. s. 
700 1 |a Wendell, Paul J.